| 000 | 00858nam a2200265Ia 4500 | ||
|---|---|---|---|
| 003 | OSt | ||
| 005 | 20220925221933.0 | ||
| 006 | a|||||r|||| 00| 0 | ||
| 007 | ta | ||
| 008 | 220923b |||||||| |||| 00| 0 eng d | ||
| 020 | _a0 19 724188 3 | ||
| 037 | _cGeneral Book | ||
| 040 |
_aRTL _cRTL _beng |
||
| 041 |
_2eng _aeng |
||
| 082 | _aX.657.N67<-N54, L2 | ||
| 100 |
_aLawson Rowena M _9124578 |
||
| 245 | 0 |
_aChanging economy of the Lower Volta, 1954-67 _b A study in the dyanamics of rural economic growth |
|
| 260 |
_aLondon _bOxford University Press _c1972 |
||
| 300 |
_a127p. _ccm. |
||
| 490 | _aInternational African Institute, Publication | ||
| 500 | _aBibliogrphy p 117-19 | ||
| 650 |
_aAfrica Economic Conditions _932254 |
||
| 942 |
_hX.657.N67<-N54, L2 _cGB _2CC |
||
| 999 |
_c575682 _d575682 |
||